00210nam a22000857a 4500008004100000100002100041245002100062260003100083300001000114240305b |||||||| |||| 00| 0 eng d aJagarnath, Bagli aAdvitabha Anidya bMithila vidhyapati:c1962. a243p.